00727nam a22001697a 4500003000900000008004100009040007100050082001700121100002300138245012100161260003700282300002800319505016400347650001300511650001600524650001700540AR-CdUCM190327b ||||| |||| 00| 0 spa d aMUNICIPALIDAD PROVINCIAL DEL CUSCOcBIBLIOTECA MUNICIPAL DEL CUSCO a301.2 /bV33 aVásquez, Enrique a¿Por que y como acortar la brecha de género en educación de las niñas y adolescentes rurales en el Perú? / aLima :bGráfica digital,c2007 a114 páginas ;c21 cm. aContenido : Introducción -- ¿Por qué es deseable acortar la brecha de género en educación? -- ¿Ha cambiado la equidad de género en educación ...  aGénero aEducación aAdolescentes